000 00256nam a2200097Ia 4500
001 982812
005 20250826220954.0
008 250824s9999 xx 000 0 und d
245 0 _aKENDİNİ BİLEN RABBİNİ BİLİR
_cUĞUR KOŞAR
260 _bDESTEK YAYINLARI
999 _c982812
_d982812